000 01075nam a2200349Ia 4500
003 OSt
005 20220912144707.0
006 a|||||r|||| 00| 0
007 ta
008 220909b |||||||| |||| 00| 0 eng d
020 _a9788131723593 (pbk)
020 _aSL01535485
024 _a167191
037 _b121, 15/10/2011, N R Book Distributors
037 _cTextual
040 _aCSL
_beng
_cCSL
041 _aeng
082 _aD65,8(B)91, P4;P9
100 _aNutt Gary; Chaki Nabendu; Neogy Sarmistha
245 0 _aOperating systems
250 _a3
260 _aSouth Asia
_bPearson education
_c2009
300 _axxx; 806p.
500 _aGlossary 757-785p.; Bibliography 786-90p.; Index 791-806p.
650 _a Computers
650 _a Operating systems
650 _a Scheduling
650 _aComputer Science
700 _aNutt Gary; Chaki Nabendu; Neogy Sarmistha
942 _hD65,8(B)91, P4;P9
_cTEXL
_2CC
999 _c15998
_d15998